00606nam a2200169 a 450000100100000000500170001000800410002704000250006810000310009324500940012426000390021830000210025770000270027804900090030595201050031499900170041900003254920200930065711.0110719s19uu dr 000 0 spa d aDO-SdBNPbspacBNPHU1 aJunco Garza, Carlos95847813aLa palabra nos congrega :b21 lecciones bíblicas /cCarlos Junco Garza, Ruy Redon Leal. aSanto Domingo :bCEVREST,c[198?]. a106 p. ;c28 cm.1 aRedon Leal, Ruy958479 aBNPD 0010718PDaPDbPDcCTd2011-07-19iLF1l0o p32549-10r2020-06-25w2020-06-25yLFPDZNo se presta c32040d32040